"Levelet indítok gyönge virágszálnak..." szerelmes katonalevelek /

Elmentve itt :
Bibliográfiai részletek
Szerző: Volly István
Dokumentumtípus: Cikk
Megjelent: 1943
Sorozat:Magyar lélek : a magyar népművelők országos folyóirata 5 No. 8
Kulcsszavak:Irodalomtudomány
Online Access:http://misc.bibl.u-szeged.hu/2127
LEADER 00637nab a2200169 i 4500
001 misc2127
005 20191106141914.0
008 170607s1943 hu o 0|| hun d
040 |a SZTE Miscellanea Repozitórium  |b hun 
041 |a hun 
100 1 |a Volly István 
245 1 0 |a "Levelet indítok gyönge virágszálnak..."   |h [elektronikus dokumentum] :  |b szerelmes katonalevelek /  |c  Volly István 
260 |c 1943 
300 |a 319-323 
490 0 |a Magyar lélek : a magyar népművelők országos folyóirata  |v 5 No. 8 
695 |a Irodalomtudomány 
856 4 0 |u http://misc.bibl.u-szeged.hu/2127/1/magyar_lelek_005_008_319-323.pdf  |z Dokumentum-elérés